| 000 | 00510nam a2200169 a 4500 | ||
|---|---|---|---|
| 001 | 2896 | ||
| 003 | CDMR | ||
| 005 | 20130405093810.0 | ||
| 008 | 130130s1993||||||||||||||||||||||||||||d | ||
| 040 |
_aCDMR _bcat _cCDMR |
||
| 100 | 1 |
_aMir, Gregori _92130 |
|
| 245 | 1 | 0 |
_aMiquel dels Sants Oliver _b: nacionalisme i sÃntesi liberal-conservadora (1898-1919) _cGregori Mir |
| 260 |
_aPalma de Mallorca _c1993 _bFont |
||
| 300 |
_a757 p ; _c20 cm |
||
| 600 | 1 | 4 |
_aOliver, Miquel dels Sants _vBiografia _9189 |
| 942 |
_cMON _2udc |
||
| 999 |
_c2896 _d2896 |
||